Kádár János elvtárs Szegeden
Elmentve itt :
| Szerző: | |
|---|---|
| Dokumentumtípus: | Cikk |
| Megjelent: |
1958-11-02
|
| Sorozat: | Délmagyarország
|
| Kulcsszavak: | Kádár János, Főtitkári látogatás Szeged 1958 |
| Online Access: | http://dmarchiv.bibl.u-szeged.hu/35874 |
| LEADER | 00477nab a2200157 i 4500 | ||
|---|---|---|---|
| 001 | delm35874 | ||
| 005 | 20180927112835.0 | ||
| 008 | 180927s1958 hu o 0|| hun d | ||
| 040 | |a SZTE Délmagyarország Archívum |b hun | ||
| 041 | |a hun | ||
| 100 | 1 | |a Liebmann Béla | |
| 245 | 1 | 0 | |a Kádár János elvtárs Szegeden |h [elektronikus dokumentum] / |c Liebmann Béla |
| 260 | |c 1958-11-02 | ||
| 300 | |a 3 | ||
| 490 | 0 | |a Délmagyarország | |
| 695 | |a Kádár János, Főtitkári látogatás Szeged 1958 | ||